<?xml version="1.0" encoding="UTF-8"?>
<record
    xmlns:xsi="http://www.w3.org/2001/XMLSchema-instance"
    xsi:schemaLocation="http://www.loc.gov/MARC21/slim http://www.loc.gov/standards/marcxml/schema/MARC21slim.xsd"
    xmlns="http://www.loc.gov/MARC21/slim">

  <leader>01187nam a2200265 a 4500</leader>
  <controlfield tag="001">79313</controlfield>
  <controlfield tag="003">BD-RjUL</controlfield>
  <controlfield tag="005">20220203092021.0</controlfield>
  <controlfield tag="008">220203s1954    ua            000 0 ara d</controlfield>
  <datafield tag="035" ind1=" " ind2=" ">
    <subfield code="a">(BD-RjUL)79313</subfield>
  </datafield>
  <datafield tag="040" ind1=" " ind2=" ">
    <subfield code="a">NNL</subfield>
    <subfield code="b">ara</subfield>
    <subfield code="c">BD-RjUL</subfield>
  </datafield>
  <datafield tag="041" ind1=" " ind2=" ">
    <subfield code="a">ara</subfield>
  </datafield>
  <datafield tag="082" ind1=" " ind2=" ">
    <subfield code="2">23</subfield>
    <subfield code="a">968.04</subfield>
    <subfield code="b">SHJ 1954</subfield>
  </datafield>
  <datafield tag="100" ind1="1" ind2=" ">
    <subfield code="a">Shakir, Amin ;; &#x634;&#x627;&#x643;&#x631;&#x60C; &#x627;&#x645;&#x64A;&#x646;</subfield>
    <subfield code="9">1090</subfield>
  </datafield>
  <datafield tag="245" ind1="1" ind2="0">
    <subfield code="a">&#x62C;&#x646;&#x648;&#x628; &#x627;&#x641;&#x631;&#x64A;&#x642;&#x64A;&#x627; ;; :janub afriqia :</subfield>
    <subfield code="b">&#x62C;&#x646;&#x629; &#x627;&#x644;&#x628;&#x64A;&#x636; &#x648;&#x62C;&#x62D;&#x64A;&#x645; &#x627;&#x644;&#x645;&#x644;&#x648;&#x646;&#x64A;&#x646; ;; janat albayd wajahim almulawinayn /</subfield>
    <subfield code="c">&#x627;&#x634;&#x62A;&#x631;&#x643; &#x641;&#x649; &#x627;&#x639;&#x62F;&#x627;&#x62F; &#x647;&#x630;&#x627; &#x627;&#x644;&#x643;&#x62A;&#x627;&#x628; &#x627;&#x645;&#x64A;&#x646; &#x634;&#x627;&#x643;&#x631; [&#x648;]&#x633;&#x639;&#x64A;&#x62F; &#x627;&#x644;&#x639;&#x631;&#x64A;&#x627;&#x646; [&#x648;]&#x645;&#x635;&#x637;&#x641;&#x649; &#x623;&#x645;&#x64A;&#x646; ;; .aishtarak faa aedad hadha alkitab amyn shakir [w]saeid aleuryan [w]mustafaa 'amin.</subfield>
  </datafield>
  <datafield tag="260" ind1=" " ind2=" ">
    <subfield code="a">&#x645;&#x635;&#x631; :</subfield>
    <subfield code="b">&#x62F;&#x627;&#x631; &#x627;&#x644;&#x645;&#x639;&#x627;&#x631;&#x641;&#x60C; ;; dar almaearifi,</subfield>
    <subfield code="c">[&#x661;&#x669;&#x665;&#x664;].</subfield>
  </datafield>
  <datafield tag="300" ind1=" " ind2=" ">
    <subfield code="a">&#x661;&#x666;&#x664;&#x60C; [&#x662;]&#x635;.</subfield>
    <subfield code="c">18 cm</subfield>
  </datafield>
  <datafield tag="490" ind1="1" ind2=" ">
    <subfield code="a">&#x627;&#x62E;&#x62A;&#x631;&#x646;&#x627; &#x644;&#x643; &#x61B;</subfield>
    <subfield code="v">&#x669;</subfield>
  </datafield>
  <datafield tag="650" ind1=" " ind2="4">
    <subfield code="a">Minorities</subfield>
    <subfield code="x">Civil rights</subfield>
    <subfield code="z">South Africa</subfield>
    <subfield code="9">1095</subfield>
  </datafield>
  <datafield tag="651" ind1=" " ind2="4">
    <subfield code="a">South Africa</subfield>
    <subfield code="x">History</subfield>
    <subfield code="y">1909-1961</subfield>
    <subfield code="9">1096</subfield>
  </datafield>
  <datafield tag="700" ind1="1" ind2=" ">
    <subfield code="a">Al-Arian, Saeed ;;  &#x627;&#x644;&#x639;&#x631;&#x64A;&#x627;&#x646;&#x60C; &#x633;&#x639;&#x64A;&#x62F;</subfield>
    <subfield code="9">1097</subfield>
  </datafield>
  <datafield tag="700" ind1="1" ind2=" ">
    <subfield code="a">Amin, Mustafa  ;; &#x627;&#x645;&#x64A;&#x646;&#x60C; &#x645;&#x635;&#x637;&#x641;&#x649;</subfield>
    <subfield code="9">1093</subfield>
  </datafield>
  <datafield tag="830" ind1=" " ind2="0">
    <subfield code="a">&#x627;&#x62E;&#x62A;&#x631;&#x646;&#x627; &#x644;&#x643; &#x61B;</subfield>
    <subfield code="v">&#x669;.</subfield>
    <subfield code="9">1094</subfield>
  </datafield>
  <datafield tag="942" ind1=" " ind2=" ">
    <subfield code="2">ddc</subfield>
    <subfield code="c">BK</subfield>
  </datafield>
  <datafield tag="999" ind1=" " ind2=" ">
    <subfield code="c">79313</subfield>
    <subfield code="d">79313</subfield>
  </datafield>
  <datafield tag="952" ind1=" " ind2=" ">
    <subfield code="0">0</subfield>
    <subfield code="1">0</subfield>
    <subfield code="2">ddc</subfield>
    <subfield code="4">0</subfield>
    <subfield code="7">1</subfield>
    <subfield code="8">NFIC</subfield>
    <subfield code="a">RUCL</subfield>
    <subfield code="b">RUCL</subfield>
    <subfield code="c">Reading</subfield>
    <subfield code="d">2022-02-03</subfield>
    <subfield code="l">0</subfield>
    <subfield code="o">A 968.04 SHJ 1954</subfield>
    <subfield code="r">2022-02-03 00:00:00</subfield>
    <subfield code="t">C-1</subfield>
    <subfield code="w">2022-02-03</subfield>
    <subfield code="y">BK</subfield>
  </datafield>
</record>
